Dvizhenie rabochikh kadrov promyshlennogo predprii︠a︡tii︠a︡ : statistiko-sot︠s︡iologicheskoe issledovanie /

Saved in:
Bibliographic Details
Main Author: Kurman, Mikhail Veniaminovich.
Format: Book
Language:Russian
Published: Moskva : Statistika, 1971.
Subjects:
Tags: Add Tag
No Tags, Be the first to tag this record!
LEADER 00728nam a2200229Ia 4500
001 005658097-5
005 20020606163548.3
008 930222s1971 ru b 000 0 ruso
010 |a  72326026  
015 |a USSR72-VKP 
035 0 |a ocm27479926 
040 |a DLC  |c AUM  |d AUM  |d HLS 
043 |a e-ur--- 
050 0 |a HF5549.5.T8  |b K83 
100 1 |a Kurman, Mikhail Veniaminovich. 
245 1 0 |a Dvizhenie rabochikh kadrov promyshlennogo predprii︠a︡tii︠a︡ :  |b statistiko-sot︠s︡iologicheskoe issledovanie /  |c M.V. Kurman. 
260 |a Moskva :  |b Statistika,  |c 1971. 
300 |a 151 p. ;  |c 20 cm. 
504 |a Includes bibliographical references. 
650 0 |a Labor turnover  |z Soviet Union. 
988 |a 20020608 
906 |0 DLC